| 000 | 00570nam a2200193Ia 4500 | ||
|---|---|---|---|
| 999 |
_c21683 _d21683 |
||
| 003 | OSt | ||
| 005 | 20210206104535.0 | ||
| 008 | 190216s9999||||xx |||||||||||||| ||und|| | ||
| 020 | _a9789350741320 | ||
| 040 | _coclc | ||
| 082 |
_a954 _bNAR/C |
||
| 100 |
_9343 _aNarayanaswamy, S |
||
| 245 | 0 |
_aCurrent Issues And The Gandhi Way / _cS Naryanasamy ; S Radhakrishnan |
|
| 260 |
_bAbhijeet Publications, _c2014. _aNew Delhi: |
||
| 300 | _a224p | ||
| 650 | _aHistory | ||
| 700 |
_9344 _aRadhakrishnan, S |
||
| 942 |
_cBK _2ddc _h954 _iNAR/C _k954 _mNAR/C |
||